000
00297nam a2200109Ia 4500
001
1261751
005
20260417140358.0
008
260417s9999 xx 000 0 und d
020
_a
9789752899629
245
0
_a
İnsan Önce Maymun Muydu?
_c
Hüseyin Rahmi Gürpınar
260
_b
Everest Yayınları
999
_c
1261751
_d
1261751